The promise of crime prevention
| Autores principales: | ; |
|---|---|
| Tipo de documento: | Print Libro |
| Lenguaje: | Inglés |
| Publicado: |
Canberra
Australian Institute of Criminology
2000
|
| En: |
Research and public policy series (31)
Año: 2000 |
| Edición: | 2. ed. |
| Disponibilidad en Tübingen: | Disponible en Tübingen. UB: KB 8 E 9127 |
| Verificar disponibilidad: | HBZ Gateway |
| Servicio de pedido Subito: | Pedir ahora. |
| Palabras clave: |
MARC
| LEADER | 00000cam a2200000 c 4500 | ||
|---|---|---|---|
| 001 | 1156147212 | ||
| 003 | DE-627 | ||
| 005 | 20251225181506.0 | ||
| 007 | tu | ||
| 008 | 000719s2000 xx ||||| 00| ||eng c | ||
| 010 | |a 00132649 | ||
| 020 | |a 0642241724 |9 0-642-24172-4 | ||
| 035 | |a (DE-627)1156147212 | ||
| 035 | |a (DE-576)086147218 | ||
| 035 | |a (DE-599)BSZ086147218 | ||
| 035 | |a (OCoLC)46874172 | ||
| 040 | |a DE-627 |b ger |c DE-627 |e rakwb | ||
| 041 | |a eng | ||
| 082 | 0 | |a 364.40994 | |
| 082 | 0 | |a 364.4/0994 | |
| 100 | 1 | |a Gant, Frances |4 aut | |
| 245 | 1 | 4 | |a The promise of crime prevention |c by Peter Grabosky and Frances Gant |
| 250 | |a 2. ed. | ||
| 264 | 1 | |a Canberra |b Australian Institute of Criminology |c 2000 | |
| 300 | |a VIII, 53 S. | ||
| 336 | |a Text |b txt |2 rdacontent | ||
| 337 | |a ohne Hilfsmittel zu benutzen |b n |2 rdamedia | ||
| 338 | |a Band |b nc |2 rdacarrier | ||
| 490 | 1 | |a Research and public policy series / Australian Institute of Criminology |v 31 | |
| 583 | 1 | |a Archivierung prüfen |c 20200919 |f DE-640 |z 3 |2 pdager | |
| 700 | 1 | |a Grabosky, Peter N. |d 1945- |0 (DE-588)171412796 |0 (DE-627)061611298 |0 (DE-576)161172016 |4 aut | |
| 810 | 2 | |a Australian Institute of Criminology |g Canberra |t Research and public policy series |v 31 |9 31 |w (DE-627)112365249X |w (DE-576)053652495 |x 1326-6004 |7 am | |
| 951 | |a BO | ||
| ELC | |b 1 | ||
| LOK | |0 000 xxxxxcx a22 zn 4500 | ||
| LOK | |0 001 2381051759 | ||
| LOK | |0 003 DE-627 | ||
| LOK | |0 004 1156147212 | ||
| LOK | |0 005 20010516000000 | ||
| LOK | |0 008 010403||||||||||||||||ger||||||| | ||
| LOK | |0 040 |a DE-21 |c DE-627 |d DE-21 | ||
| LOK | |0 852 |a DE-21 | ||
| LOK | |0 852 1 |c KB 8 E 9127 |9 00 | ||
| LOK | |0 935 |a krim | ||
| LOK | |0 936ln |a k3.3.1 | ||
| LOK | |0 939 |a 03-04-01 |b l01 | ||
| LOK | |0 000 xxxxxcx a22 zn 4500 | ||
| LOK | |0 001 2735260569 | ||
| LOK | |0 003 DE-627 | ||
| LOK | |0 004 1156147212 | ||
| LOK | |0 005 20130121121120 | ||
| LOK | |0 008 130121||||||||||||||||ger||||||| | ||
| LOK | |0 040 |a DE-21-110 |c DE-627 |d DE-21-110 | ||
| LOK | |0 689 |a s |a Kriminalprävention | ||
| LOK | |0 689 |a s |a Situative Kriminalprävention | ||
| LOK | |0 689 |a s |a Frühprävention | ||
| LOK | |0 689 |a s |a Kommunale Kriminalprävention | ||
| LOK | |0 689 |a s |a Entwicklung | ||
| LOK | |0 689 |a s |a Gesellschaft | ||
| LOK | |0 689 |a s |a Sicherheit | ||
| LOK | |0 689 |a s |a Wirksamkeit | ||
| LOK | |0 689 |a g |a Australien | ||
| LOK | |0 852 |z Internetausdruck | ||
| LOK | |0 852 |a DE-21-110 | ||
| LOK | |0 852 1 |c P I 951 |m p |9 00 | ||
| LOK | |0 936ln |a 2.4 | ||
| LOK | |0 938 |a 1301 | ||
| LOK | |0 938 |k p | ||
| LOK | |0 939 |a 21-01-13 |b l01 | ||
| ORI | |a SA-MARC-krimdoka001.raw | ||
| SIG | |a UB: KB 8 E 9127 | ||
